Southville International School and Colleges

Anatomy And Physiology With Integrated Study Guide: (Record no. 346348)

000 -LEADER
fixed length control field 00369nam a2200121Ia 4500
008 - FIXED-LENGTH DATA ELEMENTS--GENERAL INFORMATION
fixed length control field 171204s9999 xx 000 0 und d
100 ## - MAIN ENTRY--PERSONAL NAME
Personal name --
245 ## - TITLE STATEMENT
Title Anatomy And Physiology With Integrated Study Guide:
245 ## - TITLE STATEMENT
Statement of responsibility, etc Stanley E. Gunstream
260 ## - PUBLICATION, DISTRIBUTION, ETC. (IMPRINT)
Date of publication, distribution, etc 2015
650 ## - SUBJECT ADDED ENTRY--TOPICAL TERM
General subdivision Anatomy & Physiology
856 ## - ELECTRONIC LOCATION AND ACCESS
Uniform Resource Identifier http://down.ebook777.com/014/AnaAndPhyWitIntStuGui(6tEdi.pdf
Holdings
Date last seen Price effective from Koha item type Damaged status Permanent Location Lost status Withdrawn status Current Location Date acquired
2017-12-042017-12-04Curriculum - Based eBooks College Library  College Library2017-12-04
Powered by Koha